| 000 | 01107nam a2200265 a 4500 | ||
|---|---|---|---|
| 008 | |||
| 020 | _a0444854487 (cased.) | ||
| 049 | _aMAIN | ||
| 090 | _aQC793.3.S8 | ||
| 111 | 2 |
_aInternational Symposium on Future Directions in Studies of Nuclei Far from Stability _d(1979 : _cNashville, Tenn.) |
|
| 245 | 1 | 0 |
_aFuture directions in studies of nuclei far from stability : _bproceedings of the International Symposium on Future Directions in Studies of Nuclei far from Stability, Nashville, Tennessee, September 10-13, 1979 / _cedited by Joseph H. Hamilton ... [et al.]. |
| 260 |
_aAmsterdam : _bNorth-Holland, _c1980. |
||
| 300 |
_axiv, 424 p. : _bill. ; _c23 cm. |
||
| 500 | _aErrata slip inserted. | ||
| 504 | _aIncludes bibliographical references. | ||
| 650 | 0 |
_aNuclear structure _vCongresses. |
|
| 650 | 0 |
_aNuclear physics _vCongresses. |
|
| 700 | 1 | _aHamilton, Joseph H. | |
| 740 | 0 | _aNuclei far from stability. | |
| 907 |
_a.b10048285 _b02-06-04 _c17-04-03 |
||
| 003 | |||
| 005 | 20230123133220.0 | ||
| 040 | _cNUST | ||
| 942 |
_cBOOKS _kQC793.3.S8 |
||
| 999 |
_c144747 _d144747 |
||